ბათუმის შოთა რუსთაველის სახელმწიფო უნივერსიტეტის ბიბლიოთეკა

2017 წელს ჩატარებული არქეოლოგიური გათხრების მოკლე ანგარიშების კრებული / (ბიბ.ჩანაწერი № 59828)

000 -ლიდერი
ფიქსირებული სიგრძის საკონტროლო ველი 01431nam a22002297a 4500
003 - საკონტროლო ნომრის იდენტიფიკატორი
საკონტროლო ველი Ge_BSU
005 - ბოლო ოპერაციის თარიღი და დრო
საკონტროლო ველი 20230426103836.0
008 - ფიქსირებული სიგრძის მონაცემთა ელემენტები - ზოგადი ინფორმაცია
ფიქსირებული სიგრძის საკონტროლო ველი 230426s2017ge xxu||||| |||| 00| 0 geo d
020 ## - წიგნის საერთაშორისო სტანდარტული ნომერი
International Standard Book Number 9789941801877
041 ## - ენის კოდი
Language code of text/sound track or separate title geo
080 ## - უნივერსალური ათობითი კლასიფიკაციის ინდექსი
Universal Decimal Classification number 902.2(479.22) ო-57
245 ## - ცნობა სათაურის შესახებ
Title 2017 წელს ჩატარებული არქეოლოგიური გათხრების მოკლე ანგარიშების კრებული /
Statement of responsibility, etc შეადგინეს და გამოსაცემად მოამზადეს: მაია ჩოლოყაშვილმა, თამარ ნინიაშვილმა ; მთ. რედაქტორი ნიკოლოზ ანთიძე ; დიზაინი თამარ გულბანი.
264 ## - წარმოების, გამოცემის, დისტრიბუციის და სხვა ცნობები
გამოცემის, წარმოების, დისტრიბუციის... ადგილი თბილისი,
გამოცემის, წარმოების, დისტრიბუციის... თარიღი 2018.
300 ## - ფიზიკური აღწერა
Extent 308 გვ.:
Other physical details სურ., ტაბ. ;
Dimensions 25 სმ.
520 ## - SUMMARY, ETC.
Summary, etc რეზიუმე ინგლ. ენაზე
653 ## - INDEX TERM--UNCONTROLLED
Uncontrolled term არქეოლოგიური გათხრები საქართველოში.
653 ## - INDEX TERM--UNCONTROLLED
Uncontrolled term არქეოლოგია
700 ## - ADDED ENTRY--PERSONAL NAME
Personal name ჩოლოყაშვილი, მაია
9 (RLIN) 17789
700 ## - ADDED ENTRY--PERSONAL NAME
Personal name ნინიაშვილი, თამარ
Relator term შემდგენელი
9 (RLIN) 17790
700 ## - ADDED ENTRY--PERSONAL NAME
Personal name ანთიძე, ნიკოლოზ
Relator term რედაქტორი
9 (RLIN) 17652
942 ## - ADDED ENTRY ELEMENTS (KOHA)
Source of classification or shelving scheme
Koha item type წიგნი
ეგზემპლარები
ჩამოწერის სტატუსი დაკარგული ეგზემპლარის სტატუსი კლასიფიკაციის წყარო ან თაროზე გაწყობის სქემა დაზიანების სტატუსი არ გაიცემა მუდმივი მდებარეობა (დაცვის ადგილი) ამჟამინდელი ადგილსამყოფელი თაროზე განთავსების ადგილი შეძენის თარიღი ღირებულება, შესყიდვის ნორმალური ფასი სრული შენახვის შიფრი შტრიხკოდი ბოლო ოპერაციის თარიღი ეგზემპლარის მიმდევრობითი ნომერი (კეტერი?) Uniform Resource Identifier ფასის ძალაში შესვლის თარიღი ეგზემპლარის სახეობა საჯარო შენიშვნა
          ბათუმის შოთა რუსთაველის სახელმწიფო უნივერსიტეტის მთავარი ბიბლიოთეკა ბათუმის შოთა რუსთაველის სახელმწიფო უნივერსიტეტის მთავარი ბიბლიოთეკა წიგნსაცავი 2023-04-26 10.00 902.2(479.22) ო-57 64303 2023-04-26 64303 ბსუ-ს საპატიო დოქტორის გურამ ლორთქიფანიძის საჩუქარი 2023-04-26 წიგნი 10.00